ទំពាំងផុតដី ( សិទ្ធិកុមារ ) / (Record no. 9206)
[ view plain ]
| 000 -LEADER | |
|---|---|
| fixed length control field | 02003nam a22002537a 4500 |
| 001 - CONTROL NUMBER | |
| control field | 9206 |
| 003 - CONTROL NUMBER IDENTIFIER | |
| control field | FISKH |
| 005 - DATE AND TIME OF LATEST TRANSACTION | |
| control field | 20251202081944.0 |
| 008 - FIXED-LENGTH DATA ELEMENTS--GENERAL INFORMATION | |
| fixed length control field | 251202b cb ||||| |||| 00| 0 eng d |
| 040 ## - CATALOGING SOURCE | |
| Original cataloging agency | FISKH |
| Language of cataloging | khr |
| Transcribing agency | FISKH |
| Modifying agency | FISKH |
| 082 ## - DEWEY DECIMAL CLASSIFICATION NUMBER | |
| Classification number | 813.52 |
| 100 ## - MAIN ENTRY--PERSONAL NAME | |
| Personal name | Sovanphum Organization |
| 245 ## - TITLE STATEMENT | |
| Title | ទំពាំងផុតដី ( សិទ្ធិកុមារ ) / |
| Statement of responsibility, etc. | ផលិតដោយ អង្កការសុវណ្ណភូមិ |
| 260 ## - PUBLICATION, DISTRIBUTION, ETC. | |
| Place of publication, distribution, etc. | ភ្នំពេញ : |
| Name of publisher, distributor, etc. | រោងពុម្ព ពន្លឺពេជ្រ , |
| Date of publication, distribution, etc. | ២០០៩ . |
| 300 ## - PHYSICAL DESCRIPTION | |
| Extent | 26 pages : |
| Other physical details | color illustrations ; |
| Dimensions | 29 cm . |
| 505 ## - FORMATTED CONTENTS NOTE | |
| Formatted contents note | R <br/> |
| 520 ## - SUMMARY, ETC. | |
| Summary, etc. | អ្នកនិពន្ធតាក់តែងរឿងនេះឡើង ដោយផ្អែកលើតថភាពមួយចំនួនក្នុងសង្គម ដើម្បីរំលឹកមាតាបិតា ឬ អាណាព្យាបាលអោយយកចិត្តទុកដាក់ ជួយទំនុកបំរុង ផ្គត់ផ្គង់ និងផ្តល់ការកំសាន្តខ្លះដល់កុមារ ដើម្បីអោយកុមារលូតលាស់ ផ្នែករាងកាយ បញ្ញានិងស្មារតី ហហើយអោយពួកគេក្លាយទៅជាមាតាបិតា ឬ អាណាព្យាបាលសម្រាប់យុវវ័យជំនាន់ក្រោយ ។ |
| 520 ## - SUMMARY, ETC. | |
| Summary, etc. | The author created this story based on certain social realities in order to remind parents or guardians to be attentive, to nurture, provide for, and offer some enjoyment to children, so that they can grow physically, intellectually, and emotionally, and eventually become parents or guardians for the next generation. |
| 521 8# - TARGET AUDIENCE NOTE | |
| Target audience note | 700 <br/> |
| Source | Lexile estimate <br/> |
| 521 8# - TARGET AUDIENCE NOTE | |
| Target audience note | R <br/> |
| Source | Raz-Plus <br/> |
| 700 ## - ADDED ENTRY--PERSONAL NAME | |
| Personal name | Ratanak , Srey |
| Relator term | Illustrator |
| 942 ## - ADDED ENTRY ELEMENTS (KOHA) | |
| Source of classification or shelving scheme | Dewey Decimal Classification |
| Koha item type | Khmer Books |
| Suppress in OPAC | No |
| Withdrawn status | Lost status | Source of classification or shelving scheme | Damaged status | Not for loan | Collection | Home library | Current library | Shelving location | Date acquired | Total Checkouts | Full call number | Barcode | Date last seen | Price effective from | Koha item type |
|---|---|---|---|---|---|---|---|---|---|---|---|---|---|---|---|
| Dewey Decimal Classification | Khmer Language Books / សៀវភៅភាសាខ្មែរ | Footprints International School Library Network Toul Tom Poung Campus | Footprints International School Library Network Toul Tom Poung Campus | TTP Primary Khmer Bookshelves | 12/02/2025 | SOV 813.52 | 2025-4998 | 12/02/2025 | 12/02/2025 | Khmer Books |
